Выявление дефектов провода с помощью измерения емкости; Ресурсоэффективные системы в управлении и контроле: взгляд в будущее

Bibliografske podrobnosti
Parent link:Ресурсоэффективные системы в управлении и контроле: взгляд в будущее.— 2017.— [С. 94]
Glavni avtor: Рюмкин А. В.
Korporativna značnica: Национальный исследовательский Томский политехнический университет (ТПУ) Институт неразрушающего контроля (ИНК) Кафедра физических методов и приборов контроля качества (ФМПК)
Drugi avtorji: Вавилова Г. В. Галина Васильевна (научный руководитель)
Izvleček:Заглавие с экрана
Jezik:ruščina
Izdano: 2017
Serija:Информационно-измерительная техника
Teme:
Online dostop:http://earchive.tpu.ru/handle/11683/44707
Format: Elektronski Book Chapter
KOHA link:https://koha.lib.tpu.ru/cgi-bin/koha/opac-detail.pl?biblionumber=624818

MARC

LEADER 00000naa2a2200000 4500
001 624818
005 20231213154407.0
035 |a (RuTPU)RU\TPU\conf\24078 
035 |a RU\TPU\conf\24074 
090 |a 624818 
100 |a 20171201d2017 k y0rusy50 ca 
101 0 |a rus 
102 |a RU 
105 |a y z 101zy 
135 |a drgn ---uucaa 
181 0 |a i  
182 0 |a b 
200 1 |a Выявление дефектов провода с помощью измерения емкости  |f А. В. Рюмкин, Г. В. Вавилова  |g науч. рук. Г. В. Вавилова 
203 |a Текст  |c электронный 
225 1 |a Информационно-измерительная техника 
300 |a Заглавие с экрана 
320 |a [Библиогр.: с. 94 (1 назв.)] 
463 0 |0 (RuTPU)RU\TPU\conf\23960  |t Ресурсоэффективные системы в управлении и контроле: взгляд в будущее  |o сборник научных трудов VI Международной конференции школьников, студентов, аспирантов, молодых ученых, 9 -14 октября 2017 г., г. Томск  |f Национальный исследовательский Томский политехнический университет (ТПУ)  |v [С. 94]  |d 2017 
610 1 |a электронный ресурс 
610 1 |a труды учёных ТПУ 
610 1 |a дефекты 
610 1 |a провода 
610 1 |a емкость 
610 1 |a MathCAD 
610 1 |a моделирование 
700 1 |a Рюмкин  |b А. В. 
701 1 |a Вавилова  |b Г. В.  |c специалист в области неразрушающего контроля  |c заведующий лабораторией, доцент Томского политехнического университета, кандидат технических наук  |f 1981-  |g Галина Васильевна  |3 (RuTPU)RU\TPU\pers\30684  |9 14964 
702 1 |a Вавилова  |b Г. В.  |c специалист в области неразрушающего контроля  |c старший преподаватель Томского политехнического университета  |f 1981-  |g Галина Васильевна  |4 727 
712 0 2 |a Национальный исследовательский Томский политехнический университет (ТПУ)  |b Институт неразрушающего контроля (ИНК)  |b Кафедра физических методов и приборов контроля качества (ФМПК)  |3 (RuTPU)RU\TPU\col\18709 
801 2 |a RU  |b 63413507  |c 20171206  |g RCR 
856 4 |u http://earchive.tpu.ru/handle/11683/44707 
942 |c BK